Molecular Thermodynamics (Record no. 71627)

000 -LEADER
fixed length control field 00493nam a22001817a 4500
003 - CONTROL NUMBER IDENTIFIER
control field NUST - PNEC
005 - DATE AND TIME OF LATEST TRANSACTION
control field 20170116181205.0
008 - FIXED-LENGTH DATA ELEMENTS--GENERAL INFORMATION
fixed length control field 160328b xxu||||| |||| 00| 0 eng d
020 ## - INTERNATIONAL STANDARD BOOK NUMBER
International Standard Book Number 9788130915869
040 ## - CATALOGING SOURCE
Transcribing agency LIBRARY
082 ## - DEWEY DECIMAL CLASSIFICATION NUMBER
Classification number 547.1 MCQ
100 ## - MAIN ENTRY--PERSONAL NAME
9 (RLIN) 16789
Personal name McQuarrie, Donald A.
245 ## - TITLE STATEMENT
Title Molecular Thermodynamics
Statement of responsibility, etc. Donald A. McQuarrie
260 ## - PUBLICATION, DISTRIBUTION, ETC.
Place of publication, distribution, etc. New Delhi
Name of publisher, distributor, etc. Viva Books
Date of publication, distribution, etc. c.2015
300 ## - PHYSICAL DESCRIPTION
Extent 656 p. :
650 ## - SUBJECT ADDED ENTRY--TOPICAL TERM
9 (RLIN) 16790
Topical term or geographic name entry element Physical Chemistry
General subdivision AS / ME
942 ## - ADDED ENTRY ELEMENTS (KOHA)
Source of classification or shelving scheme
Koha item type Book
Holdings
Withdrawn status Lost status Source of classification or shelving scheme Damaged status Not for loan Permanent Location Current Location Shelving location Date acquired Source of acquisition Cost, normal purchase price Total Checkouts Full call number Barcode Date last seen Cost, replacement price Price effective from Koha item type
          Pakistan Navy Engineering College (PNEC) Pakistan Navy Engineering College (PNEC)     Donated 0.00   547.1 MCQ PNECLIB-032682 03/28/2016 0.00   Book
© 2023 Central Library, National University of Sciences and Technology. All Rights Reserved.